فجر الإسلام ;; Fajr al-Islām :يبحث عن الحياة العقلية في صدر الإسلام إلى آخر الدولة الأموية ;; yabḥathu ʿan al-hayāh al-ʿaqlīyah fī ṣadr al-Islām ilá ākhir al-dawlah al-Umawīyah / (Record no. 78829)
[ view plain ]
| 000 -LEADER | |
|---|---|
| fixed length control field | 01185nam a2200253 a 4500 |
| 001 - CONTROL NUMBER | |
| control field | 78829 |
| 003 - CONTROL NUMBER IDENTIFIER | |
| rucl marc code | BD-RjUL |
| 005 - DATE AND TIME OF LATEST TRANSACTION | |
| control field | 20220125100440.0 |
| 008 - FIXED-LENGTH DATA ELEMENTS--GENERAL INFORMATION | |
| fixed length control field | 211120s1975 ua b 001 0 ara d |
| 035 ## - SYSTEM CONTROL NUMBER | |
| System control number | (BD-RjUL) |
| 040 ## - CATALOGING SOURCE | |
| Original cataloging agency | CU |
| Transcribing agency | CU |
| Modifying agency | MH |
| -- | CStRLIN |
| -- | UkOxU |
| Language of cataloging | eng |
| 041 ## - LANGUAGE CODE | |
| Language code of text/sound track or separate title | ara |
| 082 ## - DEWEY DECIMAL CLASSIFICATION NUMBER | |
| Edition number | 23 |
| Classification number | 297.09 |
| Author mark and year | AMF 1975 |
| 100 1# - MAIN ENTRY--PERSONAL NAME | |
| Personal name | أمين، أحمد.;; Amīn, Aḥmad, |
| Dates associated with a name | 1886-1954. |
| 9 (RLIN) | 250227 |
| 245 10 - TITLE STATEMENT | |
| Title | فجر الإسلام ;; Fajr al-Islām :يبحث عن الحياة العقلية في صدر الإسلام إلى آخر الدولة الأموية ;; yabḥathu ʿan al-hayāh al-ʿaqlīyah fī ṣadr al-Islām ilá ākhir al-dawlah al-Umawīyah / |
| Statement of responsibility, etc. | تأليف أحمد أمين. ;; taʼlīf Aḥmad Amīn. |
| 250 ## - EDITION STATEMENT | |
| Edition statement | al-Ṭabʿah 11 |
| 260 ## - PUBLICATION, DISTRIBUTION, ETC. (IMPRINT) | |
| Place of publication, distribution, etc. | al-Qāhirah ;; القاهرة : |
| Name of publisher, distributor, etc. | مكتبة النهضة المصرية،;; Maktabat al-Nahḍah al-Miṣrīyah, |
| Date of publication, distribution, etc. | 1975 |
| 300 ## - PHYSICAL DESCRIPTION | |
| Pagination | 332 p. ; |
| Size | 24 cm. |
| 500 ## - GENERAL NOTE | |
| General note | At head of title: Lajnat al-Taʼlīf wa-al-Tarjamah wa-al-Nashr. |
| 504 ## - BIBLIOGRAPHY, ETC. NOTE | |
| Bibliography, etc | Includes bibliographical references (p. 304) and indexes. |
| 650 #0 - SUBJECT ADDED ENTRY--TOPICAL TERM | |
| Topical term or geographic name as entry element | Islamic civilization. |
| 9 (RLIN) | 250228 |
| 651 #0 - SUBJECT ADDED ENTRY--GEOGRAPHIC NAME | |
| Geographic name | Arabian Peninsula |
| General subdivision | History. |
| 9 (RLIN) | 250229 |
| 942 ## - ADDED ENTRY ELEMENTS (KOHA) | |
| Source of classification or shelving scheme | Dewey Decimal Classification |
| Koha item type | Books |
| Lost status | Source of classification or shelving scheme | Damaged status | Not for loan | Collection code | Permanent Location | Current Location | Shelving location | Date acquired | Source of acquisition | Total Checkouts | Full call number | Date last seen | Copy number | Koha item type |
|---|---|---|---|---|---|---|---|---|---|---|---|---|---|---|
| Dewey Decimal Classification | Not For Loan | Non-fiction | Central Library, University of Rajshahi | Central Library, University of Rajshahi | Reading Room | 01/09/1977 | Darul maref | A 297.09 AMF 1975 | 20/11/2021 | C-1 | Books | |||
| Dewey Decimal Classification | Non-fiction | Central Library, University of Rajshahi | Central Library, University of Rajshahi | 01/09/1977 | Darul maref | A 297.09 AMF 1975 | 20/11/2021 | C-2 | Books | |||||
| Dewey Decimal Classification | Non-fiction | Central Library, University of Rajshahi | Central Library, University of Rajshahi | General Stacks | 01/09/1977 | Darul maref | A 297.09 AMF 1975 | 20/11/2021 | C-3 | Books | ||||
| Dewey Decimal Classification | Non-fiction | Central Library, University of Rajshahi | Central Library, University of Rajshahi | General Stacks | 01/09/1977 | Dar al Maref egypt | A 297.09 AMF 1975 | 25/01/2022 | C-4 | Books | ||||
| Dewey Decimal Classification | Non-fiction | Central Library, University of Rajshahi | Central Library, University of Rajshahi | General Stacks | 01/09/1977 | Dar al Maref egypt | A 297.09 AMF 1975 | 25/01/2022 | C-5 | Books | ||||
| Dewey Decimal Classification | Non-fiction | Central Library, University of Rajshahi | Central Library, University of Rajshahi | General Stacks | 01/09/1977 | Dar al Maref egypt | A 297.09 AMF 1975 | 25/01/2022 | C-6 | Books | ||||
| Dewey Decimal Classification | Non-fiction | Central Library, University of Rajshahi | Central Library, University of Rajshahi | General Stacks | 01/09/1977 | Dar al Maref egypt | A 297.09 AMF 1975 | 25/01/2022 | C-7 | Books | ||||
| Dewey Decimal Classification | Non-fiction | Central Library, University of Rajshahi | Central Library, University of Rajshahi | General Stacks | 01/09/1977 | Dar al Maref egypt | A 297.09 AMF 1975 | 25/01/2022 | C-8 | Books | ||||
| Dewey Decimal Classification | Non-fiction | Central Library, University of Rajshahi | Central Library, University of Rajshahi | General Stacks | 21/09/1978 | Dar al Maref , Egypt | A 297.09 AMF 1975 | 27/02/2024 | C-10 | Books |